CSKA Moscow Scorers in 2010s Champions League - Statistics

General Stats
  • This quiz has been taken 75 times
  • The average score is 10 of 24
Answer Stats
Player Nation Gls % Correct
Seydou Doumbia Ivory Coast 13
85%
Keisuke Honda Japan 3
76%
Ahmed Musa Nigeria 3
65%
Alan Dzagoev Russia 8
65%
Vágner Love Brazil 1
60%
Nikola Vlašić Croatia 3
49%
Zoran Tošić Serbia 3
49%
Vasili Berezutski Russia 3
47%
Fyodor Chalov Russia 2
45%
Miloš Krasić Serbia 4
45%
Arnór Sigurðsson Iceland 2
42%
Roman Eremenko Finland 1
42%
Sergei Ignashevich Russia 1
42%
Mark González Chile 1
40%
Tomáš Necid Czechia 2
36%
Bibras Natkho Israel 2
33%
Pontus Wernbloom Sweden 2
33%
Lacina Traoré Ivory Coast 1
31%
Vitinho Brazil 1
27%
Aleksandrs Cauņa Latvia 1
24%
Georgi Shchennikov Russia 2
18%
Evgeni Aldonin Russia 1
15%
Timur Zhamaletdinov Russia 1
11%
Konstantin Kuchayev Russia 1
9%
No matching quizzes found
Score Distribution
Percent of People with Each Score
Percentile by Number Answered
Your Score History
You have not taken this quiz